000 00510nam a2200193Ia 4500
005 20250508163636.0
008 008 250505s9999 xx 000 0 hin d
020 _a81-7050-021-4
037 _aTextual
040 _aFEDL
_beng
_cFEDL
041 _ahin
_2eng
084 _a891.4, PAC
_qFEDL
100 _aPachauri Sudhish
245 0 _aMidiya aur sahitya
260 _aDelhi, India
_bRajsurya Prakashan
_c1996
300 _a132p.
942 _cTEXL
_h891.4, PAC
999 _c1384485
_d1384485